| 000 | 01130cam a2200349 a 4500 | ||
|---|---|---|---|
| 001 | 2790174 | ||
| 003 | OSt | ||
| 005 | 20250826140415.0 | ||
| 008 | 820825s1982 maua b 000 0 eng | ||
| 010 | _a 81084827 | ||
| 020 | _a0669047554 | ||
| 020 | _a9780669047554 | ||
| 035 | _a2790174 | ||
| 040 |
_aMMSU _cULS |
||
| 050 | 0 | 0 | _aHQ 1420 O93 1982 |
| 245 | 0 | 0 |
_aOur American sisters : _bwomen in American life and thought / _c[compiled by] Jean E. Friedman, William G. Shade. |
| 250 | _a3rd ed. | ||
| 260 |
_aLexington, Mass. : _bD.C. Heath, _cc1982. |
||
| 300 |
_aix, 593 pages : _bilustration ; _c24 cm. |
||
| 336 |
_atext _btxt _2rdacontent |
||
| 337 |
_aunmediated _bn _2rdamedia |
||
| 338 |
_avolume _bnc _2rdacarrier |
||
| 504 | _aIncludes bibliographies. | ||
| 650 | 0 |
_aWomen _zUnited States _xHistory. |
|
| 650 | 0 |
_aWomen _zUnited States _xSocial conditions. |
|
| 650 | 0 |
_aFeminism _zUnited States. |
|
| 700 | 1 | _aFriedman, Jean E. | |
| 700 | 1 | _aShade, William G. | |
| 906 |
_a7 _bcbc _corignew _d2 _eopcn _f19 _gy-gencatlg |
||
| 942 |
_2lcc _cBK |
||
| 999 |
_c26903 _d26903 |
||